[Event "Stay Safe Play From Home 372."]
[Site "Emanuel Lasker Arena"]
[Date "2020.08.10"]
[Round "1"]
[White "MarkonY"]
[Black "Kongle"]
[Result "1-0"]
[WhiteElo "2331"]
[BlackElo "1699"]
[PlyCount "119"]
[EventDate "2020.08.10"]
[EventType "swiss (blitz)"]

1. d4 {[%emt 0:00:05]} Nf6 {[%emt 0:00:04]} 2. c4 {[%emt 0:00:00]} e6 {[%emt 0:00:01]} 3. Nc3 {[%emt 0:00:01]} c5 {[%emt 0:00:01]} 4. d5 {[%emt 0:00:04]} exd5 {[%emt 0:00:00]} 5. Nxd5 {[%emt 0:00:02]} d6 {[%emt 0:00:00]} 6. e4 {[%emt 0:00:07]} Nxd5 {[%emt 0:00:05]} 7. exd5 {[%emt 0:00:02]} Nd7 {[%emt 0:00:01]} 8. Nf3 {[%emt 0:00:03]} Qf6 {[%emt 0:00:03]} 9. Bd3 {[%emt 0:00:07]} h6 {[%emt 0:00:03]} 10. O-O {[%emt 0:00:03]} Be7 {[%emt 0:00:01]} 11. Re1 {[%emt 0:00:05]} O-O {[%emt 0:00:01]} 12. Qe2 {[%emt 0:00:05]} Re8 {[%emt 0:00:03]} 13. Qe4 {[%emt 0:00:03]} Nf8 {[%emt 0:00:05]} 14. Bd2 {[%emt 0:00:02]} Bd7 {[%emt 0:00:06]} 15. Bc3 {[%emt 0:00:02]} Qg6 {[%emt 0:00:14]} 16. Qxg6 {[%emt 0:00:18]} Nxg6 {[%emt 0:00:04]} 17. g3 {[%emt 0:00:02]} Bg4 {[%emt 0:00:10]} 18. Kg2 {[%emt 0:00:10]} Bxf3+ {[%emt 0:00:07]} 19. Kxf3 {[%emt 0:00:01]} Ne5+ {[%emt 0:00:01]} 20. Bxe5 {[%emt 0:00:02]} dxe5 {[%emt 0:00:01]} 21. Rxe5 {[%emt 0:00:01]} Bf6 {[%emt 0:00:01]} 22. Rxe8+ {[%emt 0:00:07]} Rxe8 {[%emt 0:00:01]} 23. Rb1 {[%emt 0:00:02]} Bd4 {[%emt 0:00:07]} 24. h4 {[%emt 0:00:03]} h5 {[%emt 0:00:03]} 25. a3 {[%emt 0:00:04]} a5 {[%emt 0:00:03]} 26. b4 {[%emt 0:00:01]} axb4 {[%emt 0:00:01]} 27. axb4 {[%emt 0:00:00]} cxb4 {[%emt 0:00:01]} 28. Rxb4 {[%emt 0:00:00]} b6 {[%emt 0:00:01]} 29. Ra4 {[%emt 0:00:01]} g6 {[%emt 0:00:04]} 30. Ra6 {[%emt 0:00:06]} Kg7 {[%emt 0:00:03]} 31. Bc2 {[%emt 0:00:06]} Re1 {[%emt 0:00:03]} 32. d6 {[%emt 0:00:02]} Rc1 {[%emt 0:00:08]} 33. d7 {[%emt 0:00:03]} Bf6 {[%emt 0:00:06]} 34. Rxb6 {[%emt 0:00:04]} Rxc2 {[%emt 0:00:02]} 35. Rxf6 {[%emt 0:00:01]} Rd2 {[%emt 0:00:02]} 36. Rc6 {[%emt 0:00:01]} Rxd7 {[%emt 0:00:02]} 37. c5 {[%emt 0:00:00]} Rd3+ {[%emt 0:00:08]} 38. Ke4 {[%emt 0:00:02]} Rd8 {[%emt 0:00:05]} 39. f3 {[%emt 0:00:05]} Kf8 {[%emt 0:00:05]} 40. g4 {[%emt 0:00:01]} hxg4 {[%emt 0:00:03]} 41. fxg4 {[%emt 0:00:01]} Ke7 {[%emt 0:00:01]} 42. Ke5 {[%emt 0:00:02]} Rd2 {[%emt 0:00:09]} 43. Rc7+ {[%emt 0:00:01]} Kf8 {[%emt 0:00:02]} 44. c6 {[%emt 0:00:02]} Re2+ {[%emt 0:00:01]} 45. Kf6 {[%emt 0:00:01]} Rf2+ {[%emt 0:00:02]} 46. Kg5 {[%emt 0:00:01]} Kg7 {[%emt 0:00:04]} 47. Rd7 {[%emt 0:00:07]} Rc2 {[%emt 0:00:02]} 48. c7 {[%emt 0:00:01]} Rc5+ {[%emt 0:00:01]} 49. Kf4 {[%emt 0:00:01]} Kf6 {[%emt 0:00:05]} 50. h5 {[%emt 0:00:06]} g5+ {[%emt 0:00:02]} 51. Ke4 {[%emt 0:00:01]} Ke6 {[%emt 0:00:02]} 52. Rd5 {[%emt 0:00:01]} Rxc7 {[%emt 0:00:02]} 53. Rxg5 {[%emt 0:00:01]} f6 {[%emt 0:00:01]} 54. Rg6 {[%emt 0:00:03]} Rc4+ {[%emt 0:00:00]} 55. Kf3 {[%emt 0:00:01]} Rc3+ {[%emt 0:00:01]} 56. Kf4 {[%emt 0:00:01]} Rc4+ {[%emt 0:00:01]} 57. Kg3 {[%emt 0:00:00]} Rc3+ {[%emt 0:00:01]} 58. Kh4 {[%emt 0:00:01]} Rc1 {[%emt 0:00:02]} 59. g5 {[%emt 0:00:02]} Rh1+ {[%emt 0:00:00]} 60. Kg4 {[%emt 0:00:01] Time Time Time Time Time (Lag: Av=0.55s, max=1.3s) (Lag: Av=0.55s, max=1.3s) (Lag: Av=0.55s, max=1.3s) (Lag: Av=0.55s, max=1.3s) (Lag: Av=0.55s, max=1.3s)} 1-0

[Event "Stay Safe Play From Home 372."]
[Site "Emanuel Lasker Arena"]
[Date "2020.08.10"]
[Round "2"]
[White "Haris kollari 13"]
[Black "MarkonY"]
[Result "1/2-1/2"]
[WhiteElo "1947"]
[BlackElo "2331"]
[Annotator "NA"]
[PlyCount "96"]
[EventDate "2020.08.10"]
[EventType "swiss (blitz)"]

1. e4 {[%emt 0:00:01]} c5 {[%emt 0:00:01]} 2. Nf3 {[%emt 0:00:01]} g6 {[%emt 0:00:01]} 3. d4 {[%emt 0:00:00]} cxd4 {[%emt 0:00:00]} 4. Nxd4 {[%emt 0:00:00]} Bg7 {[%emt 0:00:01]} 5. Nc3 {[%emt 0:00:00]} Nc6 {[%emt 0:00:00]} 6. Be3 {[%emt 0:00:01]} Nf6 {[%emt 0:00:01]} 7. Be2 {[%emt 0:00:01]} O-O {[%emt 0:00:01]} 8. Qd2 {[%emt 0:00:01]} d5 {[%emt 0:00:02]} 9. Nxc6 {[%emt 0:00:04]} bxc6 {[%emt 0:00:01]} 10. e5 {[%emt 0:00:01]} Ne8 {[%emt 0:00:02]} 11. f4 {[%emt 0:00:01]} f6 {[%emt 0:00:02]} 12. exf6 {[%emt 0:00:05]} Bxf6 {[%emt 0:00:02]} 13. O-O-O {[%emt 0:00:01]} Qa5 {[%emt 0:00:07]} 14. Kb1 {[%emt 0:00:02]} Rb8 {[%emt 0:00:06]} 15. Bd4 {[%emt 0:00:06]} Nd6 {[%emt 0:00:03]} 16. Bxf6 {[%emt 0:00:04]} exf6 {[%emt 0:00:02]} 17. g4 {[%emt 0:00:09]} Qb4 {[%emt 0:00:08]} 18. b3 {[%emt 0:00:02]} Re8 {[%emt 0:00:13]} 19. Bf3 {[%emt 0:00:05]} f5 {[%emt 0:00:18]} 20. g5 {[%emt 0:00:05]} Ne4 {[%emt 0:00:05]} 21. Bxe4 {[%emt 0:00:01]} fxe4 {[%emt 0:00:01]} 22. Ne2 {[%emt 0:00:11]} Qa3 {[%emt 0:00:08]} 23. Nd4 {[%emt 0:00:04]} Bd7 {[%emt 0:00:14]} 24. h4 {[%emt 0:00:05]} c5 {[%emt 0:00:06]} 25. Ne2 {[%emt 0:00:07]} d4 {[%emt 0:00:05]} 26. Ng3 {[%emt 0:00:02]} Bg4 {[%emt 0:00:07]} 27. Nxe4 {[%emt 0:00:05]} Rxe4 {[%emt 0:00:03]} 28. Rde1 {[%emt 0:00:01]} Rbe8 {[%emt 0:00:04]} 29. h5 {[%emt 0:00:02]} Qb4 {[%emt 0:00:11]} 30. Rxe4 {[%emt 0:00:09]} Rxe4 {[%emt 0:00:04]} 31. Qg2 {[%emt 0:00:04]} Bf5 {[%emt 0:00:02]} 32. hxg6 {[%emt 0:00:02]} Bxg6 {[%emt 0:00:03]} 33. f5 {[%emt 0:00:03]} Bxf5 {[%emt 0:00:02]} 34. Rf1 {[%emt 0:00:02]} Re1+ {[%emt 0:00:01]} 35. Rxe1 {[%emt 0:00:01]} Qxe1+ {[%emt 0:00:00]} 36. Kb2 {[%emt 0:00:01]} Qc3+ {[%emt 0:00:01]} 37. Ka3 {[%emt 0:00:02]} Qb4+ {[%emt 0:00:04]} 38. Kb2 {[%emt 0:00:01]} d3 {[%emt 0:00:02]} 39. Qd5+ {[%emt 0:00:02]} Kg7 {[%emt 0:00:01]} 40. Qxf5 {[%emt 0:00:01]} Qd4+ {[%emt 0:00:00]} 41. Kc1 {[%emt 0:00:03]} dxc2 {[%emt 0:00:03]} 42. Kxc2 {[%emt 0:00:02]} c4 {[%emt 0:00:02]} 43. bxc4 {[%emt 0:00:04]} Qxc4+ {[%emt 0:00:00]} 44. Kb2 {[%emt 0:00:01]} Qb4+ {[%emt 0:00:00]} 45. Kc2 {[%emt 0:00:01]} Qc4+ {[%emt 0:00:00]} 46. Kb2 {[%emt 0:00:01]} Qb4+ {[%emt 0:00:01]} 47. Kc2 {[%emt 0:00:01]} Qa4+ {[%emt 0:00:01]} 48. Kb2 {[%emt 0:00:01]} Qb4+ {[%emt 0:00:01] (Lag: Av=0.53s, max=3.6s) (Lag: Av=0.53s, max=3.6s) (Lag: Av=0.53s, max=3.6s) (Lag: Av=0.53s, max=3.6s) (Lag: Av=0.53s, max=3.6s)} 1/2-1/2

[Event "Stay Safe Play From Home 372."]
[Site "Emanuel Lasker Arena"]
[Date "2020.08.10"]
[Round "3"]
[White "MarkonY"]
[Black "Padmaesh M K"]
[Result "1-0"]
[WhiteElo "2318"]
[BlackElo "1939"]
[PlyCount "73"]
[EventDate "2020.08.10"]
[EventType "swiss (blitz)"]

1. d4 {[%emt 0:00:06]} Nf6 {[%emt 0:00:01]} 2. c4 {[%emt 0:00:02]} g6 {[%emt 0:00:02]} 3. Nc3 {[%emt 0:00:01]} Bg7 {[%emt 0:00:02]} 4. e4 {[%emt 0:00:01]} d6 {[%emt 0:00:01]} 5. Nf3 {[%emt 0:00:01]} O-O {[%emt 0:00:06]} 6. Be2 {[%emt 0:00:00]} Nbd7 {[%emt 0:00:05]} 7. O-O {[%emt 0:00:01]} e5 {[%emt 0:00:01]} 8. Re1 {[%emt 0:00:02]} c6 {[%emt 0:00:05]} 9. Bf1 {[%emt 0:00:01]} Re8 {[%emt 0:00:04]} 10. d5 {[%emt 0:00:01]} Nf8 {[%emt 0:00:13]} 11. b4 {[%emt 0:00:04]} Nh5 {[%emt 0:00:15]} 12. g3 {[%emt 0:00:13]} h6 {[%emt 0:00:05]} 13. Rb1 {[%emt 0:00:03]} g5 {[%emt 0:00:11]} 14. Nd2 {[%emt 0:00:03]} Nf6 {[%emt 0:00:05]} 15. Bg2 {[%emt 0:00:03]} Ng6 {[%emt 0:00:01]} 16. Nb3 {[%emt 0:00:01]} Bd7 {[%emt 0:00:06]} 17. f3 {[%emt 0:00:03]} Qc8 {[%emt 0:00:02]} 18. Be3 {[%emt 0:00:05]} h5 {[%emt 0:00:07]} 19. Rc1 {[%emt 0:00:04]} h4 {[%emt 0:00:02]} 20. Qd2 {[%emt 0:00:02]} hxg3 {[%emt 0:00:02]} 21. hxg3 {[%emt 0:00:00]} g4 {[%emt 0:00:04]} 22. f4 {[%emt 0:00:06]} Nh5 {[%emt 0:00:02]} 23. f5 {[%emt 0:00:03]} Nf8 {[%emt 0:00:07]} 24. Ne2 {[%emt 0:00:04]} Nh7 {[%emt 0:00:02]} 25. c5 {[%emt 0:00:06]} cxd5 {[%emt 0:00:03]} 26. cxd6 {[%emt 0:00:01]} Qd8 {[%emt 0:00:07]} 27. Qxd5 {[%emt 0:00:02]} Bc6 {[%emt 0:00:12]} 28. Qd2 {[%emt 0:00:02]} Bf8 {[%emt 0:00:03]} 29. Red1 {[%emt 0:00:06]} N7f6 {[%emt 0:00:11]} 30. Qd3 {[%emt 0:00:09]} Qd7 {[%emt 0:00:03]} 31. Nc5 {[%emt 0:00:04]} Qd8 {[%emt 0:00:02]} 32. a4 {[%emt 0:00:01]} b6 {[%emt 0:00:08]} 33. b5 {[%emt 0:00:01]} bxc5 {[%emt 0:00:06]} 34. bxc6 {[%emt 0:00:01]} Qa5 {[%emt 0:00:05]} 35. Qb5 {[%emt 0:00:03]} Qxb5 {[%emt 0:00:01]} 36. axb5 {[%emt 0:00:00]} Red8 {[%emt 0:00:03]} 37. Bxc5 {[%emt 0:00:02] Padmaesh M K resigns Padmaesh M K resigns Padmaesh M K resigns Padmaesh M K resigns Padmaesh M K resigns (Lag: Av=0.43s, max=0.9s) (Lag: Av=0.43s, max=0.9s) (Lag: Av=0.43s, max=0.9s) (Lag: Av=0.43s, max=0.9s) (Lag: Av=0.43s, max=0.9s)} 1-0

[Event "Stay Safe Play From Home 372."]
[Site "Emanuel Lasker Arena"]
[Date "2020.08.10"]
[Round "3"]
[White "SelamiSahin"]
[Black "Lazieri3"]
[Result "1-0"]
[WhiteElo "2133"]
[BlackElo "2013"]
[PlyCount "135"]
[EventDate "2020.08.10"]
[EventType "swiss (blitz)"]

{Yarar, Atakan} 1. Nf3 {[%emt 0:00:00]} c6 {[%emt 0:00:01]} 2. c4 {[%emt 0:00:01]} d5 {[%emt 0:00:00]} 3. e3 {[%emt 0:00:03]} Nf6 {[%emt 0:00:01]} 4. Nc3 {[%emt 0:00:04]} Bf5 {[%emt 0:00:01]} 5. d4 {[%emt 0:00:03]} e6 {[%emt 0:00:01]} 6. Qb3 {[%emt 0:00:01]} b6 {[%emt 0:00:01]} 7. Nh4 {[%emt 0:00:05]} Bg4 {[%emt 0:00:01]} 8. h3 {[%emt 0:00:03]} Bh5 {[%emt 0:00:01]} 9. g4 {[%emt 0:00:02]} Ne4 {[%emt 0:00:01]} 10. Nxe4 {[%emt 0:00:06]} dxe4 {[%emt 0:00:05]} 11. Ng2 {[%emt 0:00:04]} Bg6 {[%emt 0:00:01]} 12. Nf4 {[%emt 0:00:01]} Bd6 {[%emt 0:00:03]} 13. Nxg6 {[%emt 0:00:04]} hxg6 {[%emt 0:00:01]} 14. Bg2 {[%emt 0:00:02]} f5 {[%emt 0:00:01]} 15. c5 {[%emt 0:00:07]} bxc5 {[%emt 0:00:03]} 16. Qxe6+ {[%emt 0:00:01]} Qe7 {[%emt 0:00:11]} 17. Qxg6+ {[%emt 0:00:03]} Kd8 {[%emt 0:00:03]} 18. dxc5 {[%emt 0:00:03]} Bxc5 {[%emt 0:00:04]} 19. Qxf5 {[%emt 0:00:02]} Bb4+ {[%emt 0:00:03]} 20. Ke2 {[%emt 0:00:04]} Re8 {[%emt 0:00:05]} 21. Rd1+ {[%emt 0:00:07]} Bd6 {[%emt 0:00:07]} 22. b3 {[%emt 0:00:05]} Kc7 {[%emt 0:00:01]} 23. Bb2 {[%emt 0:00:04]} Nd7 {[%emt 0:00:02]} 24. Rac1 {[%emt 0:00:06]} Rad8 {[%emt 0:00:02]} 25. Qa5+ {[%emt 0:00:06]} Kb8 {[%emt 0:00:03]} 26. Rxc6 {[%emt 0:00:04]} Nb6 {[%emt 0:00:01]} 27. Rxb6+ {[%emt 0:00:09]} axb6 {[%emt 0:00:00]} 28. Qxb6+ {[%emt 0:00:00]} Ka8 {[%emt 0:00:04]} 29. Qc6+ {[%emt 0:00:10]} Kb8 {[%emt 0:00:12]} 30. Bd4 {[%emt 0:00:05]} Qb7 {[%emt 0:00:12]} 31. Qxb7+ {[%emt 0:00:15]} Kxb7 {[%emt 0:00:00]} 32. Bxg7 {[%emt 0:00:02]} Kc6 {[%emt 0:00:03]} 33. Bf6 {[%emt 0:00:01]} Ra8 {[%emt 0:00:03]} 34. a4 {[%emt 0:00:01]} Rab8 {[%emt 0:00:01]} 35. Rc1+ {[%emt 0:00:01]} Kd5 {[%emt 0:00:04]} 36. Rb1 {[%emt 0:00:02]} Rec8 {[%emt 0:00:11]} 37. Kd1 {[%emt 0:00:08]} Rf8 {[%emt 0:00:05]} 38. g5 {[%emt 0:00:02]} Be5 {[%emt 0:00:04]} 39. Bxe5 {[%emt 0:00:01]} Kxe5 {[%emt 0:00:00]} 40. Ke2 {[%emt 0:00:00]} Rfc8 {[%emt 0:00:04]} 41. Rb2 {[%emt 0:00:03]} Rb4 {[%emt 0:00:05]} 42. h4 {[%emt 0:00:01]} Kf5 {[%emt 0:00:04]} 43. Bh3+ {[%emt 0:00:01]} Ke5 {[%emt 0:00:02]} 44. Bxc8 {[%emt 0:00:00]} Rb6 {[%emt 0:00:01]} 45. a5 {[%emt 0:00:01]} Rb8 {[%emt 0:00:02]} 46. Bd7 {[%emt 0:00:01]} Kd6 {[%emt 0:00:02]} 47. Bf5 {[%emt 0:00:02]} Ke5 {[%emt 0:00:01]} 48. Bd7 {[%emt 0:00:01]} Kd6 {[%emt 0:00:01]} 49. Ba4 {[%emt 0:00:00]} Kc5 {[%emt 0:00:01]} 50. b4+ {[%emt 0:00:00]} Kc4 {[%emt 0:00:01]} 51. b5 {[%emt 0:00:00]} Kc3 {[%emt 0:00:01]} 52. Rb3+ {[%emt 0:00:01]} Kc4 {[%emt 0:00:01]} 53. a6 {[%emt 0:00:00]} Kc5 {[%emt 0:00:02]} 54. b6 {[%emt 0:00:01]} Kd6 {[%emt 0:00:09]} 55. a7 {[%emt 0:00:01]} Rc8 {[%emt 0:00:01]} 56. b7 {[%emt 0:00:00]} Rc2+ {[%emt 0:00:01]} 57. Kd1 {[%emt 0:00:00]} Rxf2 {[%emt 0:00:01]} 58. b8=Q+ {[%emt 0:00:00]} Ke7 {[%emt 0:00:02]} 59. a8=Q {[%emt 0:00:00]} Rf1+ {[%emt 0:00:01]} 60. Ke2 {[%emt 0:00:00]} Rf7 {[%emt 0:00:01]} 61. Qc7+ {[%emt 0:00:01]} Ke6 {[%emt 0:00:00]} 62. Qac6+ {[%emt 0:00:01]} Kf5 {[%emt 0:00:01]} 63. Qxf7+ {[%emt 0:00:00]} Kg4 {[%emt 0:00:00]} 64. Qce6+ {[%emt 0:00:01]} Kg3 {[%emt 0:00:02]} 65. Qf4+ {[%emt 0:00:01]} Kg2 {[%emt 0:00:02]} 66. Qeg4+ {[%emt 0:00:00]} Kh1 {[%emt 0:00:01]} 67. Qf1+ {[%emt 0:00:01]} Kh2 {[%emt 0:00:00]} 68. Qfg2# {[%emt 0:00:01] (Lag: Av=0.70s, max=1.1s) (Lag: Av=0.70s, max=1.1s) (Lag: Av=0.70s, max=1.1s) (Lag: Av=0.70s, max=1.1s) (Lag: Av=0.70s, max=1.1s)} 1-0

[Event "Stay Safe Play From Home 372."]
[Site "Emanuel Lasker Arena"]
[Date "2020.08.10"]
[Round "3"]
[White "Don59as"]
[Black "Haris kollari 13"]
[Result "1-0"]
[WhiteElo "1990"]
[BlackElo "1961"]
[Annotator "NA"]
[PlyCount "79"]
[EventDate "2020.08.10"]
[EventType "swiss (blitz)"]

1. c4 {[%emt 0:00:02]} b6 {[%emt 0:00:02]} 2. Nc3 {[%emt 0:00:01]} Bb7 {[%emt 0:00:00]} 3. e4 {[%emt 0:00:01]} g6 {[%emt 0:00:00]} 4. g3 {[%emt 0:00:01]} Bg7 {[%emt 0:00:00]} 5. Nge2 {[%emt 0:00:01]} f5 {[%emt 0:00:01]} 6. d3 {[%emt 0:00:03]} Nf6 {[%emt 0:00:02]} 7. Bg2 {[%emt 0:00:01]} e5 {[%emt 0:00:02]} 8. O-O {[%emt 0:00:02]} d6 {[%emt 0:00:06]} 9. h3 {[%emt 0:00:02]} Nbd7 {[%emt 0:00:01]} 10. Be3 {[%emt 0:00:01]} Qe7 {[%emt 0:00:02]} 11. Qd2 {[%emt 0:00:02]} O-O-O {[%emt 0:00:02]} 12. b4 {[%emt 0:00:02]} Kb8 {[%emt 0:00:01]} 13. a4 {[%emt 0:00:01]} fxe4 {[%emt 0:00:05]} 14. dxe4 {[%emt 0:00:04]} c5 {[%emt 0:00:09]} 15. b5 {[%emt 0:00:06]} Nf8 {[%emt 0:00:05]} 16. a5 {[%emt 0:00:01]} Ne6 {[%emt 0:00:02]} 17. Qa2 {[%emt 0:00:09]} Nd4 {[%emt 0:00:03]} 18. axb6 {[%emt 0:00:16]} axb6 {[%emt 0:00:01]} 19. Bxd4 {[%emt 0:00:02]} cxd4 {[%emt 0:00:11]} 20. Qa7+ {[%emt 0:00:02]} Kc7 {[%emt 0:00:01]} 21. Na4 {[%emt 0:00:02]} Nd7 {[%emt 0:00:02]} 22. Nxd4 {[%emt 0:00:32]} Ra8 {[%emt 0:00:06]} 23. Nc6 {[%emt 0:00:12]} Qe6 {[%emt 0:00:06]} 24. Nc3 {[%emt 0:00:11]} Rxa7 {[%emt 0:00:05]} 25. Nd5+ {[%emt 0:00:01]} Qxd5 {[%emt 0:00:18]} 26. cxd5 {[%emt 0:00:05]} Rxa1 {[%emt 0:00:05]} 27. Rxa1 {[%emt 0:00:01]} Ra8 {[%emt 0:00:06]} 28. Rc1 {[%emt 0:00:01]} Nc5 {[%emt 0:00:03]} 29. Bf3 {[%emt 0:00:09]} Ra3 {[%emt 0:00:03]} 30. Kg2 {[%emt 0:00:02]} Rb3 {[%emt 0:00:02]} 31. Na7 {[%emt 0:00:11]} Kb8 {[%emt 0:00:07]} 32. Nc6+ {[%emt 0:00:01]} Bxc6 {[%emt 0:00:03]} 33. bxc6 {[%emt 0:00:02]} Kc7 {[%emt 0:00:01]} 34. Ra1 {[%emt 0:00:02]} Bh6 {[%emt 0:00:08]} 35. Ra7+ {[%emt 0:00:02]} Kc8 {[%emt 0:00:01]} 36. Rxh7 {[%emt 0:00:01]} Bd2 {[%emt 0:00:03]} 37. Bg4+ {[%emt 0:00:01]} Kb8 {[%emt 0:00:02]} 38. c7+ {[%emt 0:00:00]} Ka7 {[%emt 0:00:12]} 39. c8=Q+ {[%emt 0:00:00]} Nb7 {[%emt 0:00:01]} 40. Qxb7# {[%emt 0:00:02] (Lag: Av=0.58s, max=1.0s) (Lag: Av=0.58s, max=1.0s) (Lag: Av=0.58s, max=1.0s) (Lag: Av=0.58s, max=1.0s) (Lag: Av=0.58s, max=1.0s)} 1-0

[Event "Stay Safe Play From Home 372."]
[Site "Emanuel Lasker Arena"]
[Date "2020.08.10"]
[Round "3"]
[White "Greblah"]
[Black "Buzaglo"]
[Result "1-0"]
[WhiteElo "1906"]
[BlackElo "1768"]
[PlyCount "123"]
[EventDate "2020.08.10"]
[EventType "swiss (blitz)"]

1. e4 {[%emt 0:00:02]} e5 {[%emt 0:00:01]} 2. Nf3 {[%emt 0:00:01]} d6 {[%emt 0:00:01]} 3. d4 {[%emt 0:00:02]} exd4 {[%emt 0:00:00]} 4. Nxd4 {[%emt 0:00:01]} Nf6 {[%emt 0:00:01]} 5. Nc3 {[%emt 0:00:01]} Be7 {[%emt 0:00:01]} 6. Bc4 {[%emt 0:00:01]} O-O {[%emt 0:00:01]} 7. O-O {[%emt 0:00:00]} c5 {[%emt 0:00:01]} 8. Nf5 {[%emt 0:00:07]} Bxf5 {[%emt 0:00:01]} 9. exf5 {[%emt 0:00:01]} Nc6 {[%emt 0:00:01]} 10. Nd5 {[%emt 0:00:03]} Nxd5 {[%emt 0:00:05]} 11. Bxd5 {[%emt 0:00:01]} Bf6 {[%emt 0:00:02]} 12. c3 {[%emt 0:00:02]} Ne7 {[%emt 0:00:06]} 13. Be4 {[%emt 0:00:02]} Rb8 {[%emt 0:00:03]} 14. Qg4 {[%emt 0:00:11]} d5 {[%emt 0:00:02]} 15. Bc2 {[%emt 0:00:02]} d4 {[%emt 0:00:11]} 16. Bf4 {[%emt 0:00:04]} Rc8 {[%emt 0:00:06]} 17. Bd2 {[%emt 0:00:10]} Qd5 {[%emt 0:00:07]} 18. Be4 {[%emt 0:00:03]} Qd7 {[%emt 0:00:11]} 19. Rad1 {[%emt 0:00:07]} Rcd8 {[%emt 0:00:07]} 20. Bg5 {[%emt 0:00:03]} Bxg5 {[%emt 0:00:21]} 21. Qxg5 {[%emt 0:00:01]} Nd5 {[%emt 0:00:02]} 22. cxd4 {[%emt 0:00:18]} Nf6 {[%emt 0:00:03]} 23. Bc2 {[%emt 0:00:16]} cxd4 {[%emt 0:00:02]} 24. Rd2 {[%emt 0:00:10]} Qc7 {[%emt 0:00:17]} 25. Bd3 {[%emt 0:00:12]} h6 {[%emt 0:00:01]} 26. Qg3 {[%emt 0:00:09]} Qa5 {[%emt 0:00:06]} 27. Rfd1 {[%emt 0:00:05]} Qxa2 {[%emt 0:00:09]} 28. b4 {[%emt 0:00:01]} Qb3 {[%emt 0:00:04]} 29. b5 {[%emt 0:00:06]} b6 {[%emt 0:00:03]} 30. Rb1 {[%emt 0:00:05]} Qd5 {[%emt 0:00:01]} 31. Rc1 {[%emt 0:00:05]} Qd6 {[%emt 0:00:01]} 32. Qxd6 {[%emt 0:00:03]} Rxd6 {[%emt 0:00:00]} 33. Rcd1 {[%emt 0:00:01]} Nd5 {[%emt 0:00:03]} 34. Bc4 {[%emt 0:00:05]} Nc3 {[%emt 0:00:01]} 35. Rxd4 {[%emt 0:00:02]} Rf6 {[%emt 0:00:01]} 36. R1d2 {[%emt 0:00:05]} Re8 {[%emt 0:00:05]} 37. Rd8 {[%emt 0:00:02]} Rxd8 {[%emt 0:00:02]} 38. Rxd8+ {[%emt 0:00:01]} Kh7 {[%emt 0:00:01]} 39. Bd3 {[%emt 0:00:01]} g6 {[%emt 0:00:08]} 40. Rc8 {[%emt 0:00:00]} Nd5 {[%emt 0:00:02]} 41. Rc6 {[%emt 0:00:01]} Rxc6 {[%emt 0:00:02]} 42. bxc6 {[%emt 0:00:01]} Nc7 {[%emt 0:00:00]} 43. f6 {[%emt 0:00:01]} h5 {[%emt 0:00:01]} 44. f4 {[%emt 0:00:00]} Kh6 {[%emt 0:00:00]} 45. Kf2 {[%emt 0:00:00]} Kh7 {[%emt 0:00:01]} 46. Ke3 {[%emt 0:00:00]} Kg8 {[%emt 0:00:00]} 47. Kd4 {[%emt 0:00:00]} Kf8 {[%emt 0:00:00]} 48. Ke5 {[%emt 0:00:00]} Ke8 {[%emt 0:00:02]} 49. f5 {[%emt 0:00:00]} Kd8 {[%emt 0:00:01]} 50. fxg6 {[%emt 0:00:01]} fxg6 {[%emt 0:00:00]} 51. f7 {[%emt 0:00:01]} Ke7 {[%emt 0:00:01]} 52. f8=Q+ {[%emt 0:00:01]} Kxf8 {[%emt 0:00:01]} 53. Kd6 {[%emt 0:00:00]} Nb5+ {[%emt 0:00:02]} 54. Kd7 {[%emt 0:00:00]} Nd4 {[%emt 0:00:02]} 55. c7 {[%emt 0:00:00]} Nf5 {[%emt 0:00:01]} 56. c8=Q+ {[%emt 0:00:00]} Kg7 {[%emt 0:00:01]} 57. Qe8 {[%emt 0:00:01]} Kh6 {[%emt 0:00:00]} 58. Qe7 {[%emt 0:00:00]} Ne3 {[%emt 0:00:02]} 59. Qe4 {[%emt 0:00:00]} Ng4 {[%emt 0:00:02]} 60. Qe3+ {[%emt 0:00:00]} Kg7 {[%emt 0:00:01]} 61. Qe4 {[%emt 0:00:00]} Kh6 {[%emt 0:00:00]} 62. Qxg6# {[%emt 0:00:01] (Lag: Av=0.47s, max=0.9s) (Lag: Av=0.47s, max=0.9s) (Lag: Av=0.47s, max=0.9s) (Lag: Av=0.47s, max=0.9s) (Lag: Av=0.47s, max=0.9s)} 1-0

[Event "Stay Safe Play From Home 372."]
[Site "Emanuel Lasker Arena"]
[Date "2020.08.10"]
[Round "3"]
[White "Dukic"]
[Black "Ionelluca"]
[Result "1-0"]
[WhiteElo "1852"]
[BlackElo "2004"]
[PlyCount "73"]
[EventDate "2020.08.10"]
[EventType "swiss (blitz)"]

1. c4 {[%emt 0:00:03]} Nf6 {[%emt 0:00:04]} 2. Nc3 {[%emt 0:00:01]} c5 {[%emt 0:00:03]} 3. Nf3 {[%emt 0:00:02]} Nc6 {[%emt 0:00:01]} 4. d4 {[%emt 0:00:01]} cxd4 {[%emt 0:00:01]} 5. Nxd4 {[%emt 0:00:01]} g6 {[%emt 0:00:01]} 6. g3 {[%emt 0:00:01]} Bg7 {[%emt 0:00:01]} 7. Nc2 {[%emt 0:00:02]} e5 {[%emt 0:00:03]} 8. Bg2 {[%emt 0:00:01]} a6 {[%emt 0:00:03]} 9. O-O {[%emt 0:00:03]} O-O {[%emt 0:00:02]} 10. b3 {[%emt 0:00:01]} Nd4 {[%emt 0:00:06]} 11. Ne3 {[%emt 0:00:04]} Rb8 {[%emt 0:00:04]} 12. Ba3 {[%emt 0:00:02]} d6 {[%emt 0:00:04]} 13. Qd2 {[%emt 0:00:08]} b5 {[%emt 0:00:01]} 14. Ncd5 {[%emt 0:00:12]} Nxd5 {[%emt 0:00:04]} 15. Nxd5 {[%emt 0:00:02]} Bg4 {[%emt 0:00:18]} 16. f3 {[%emt 0:00:15]} Be6 {[%emt 0:00:04]} 17. e3 {[%emt 0:00:03]} Bxd5 {[%emt 0:00:02]} 18. cxd5 {[%emt 0:00:03]} Nf5 {[%emt 0:00:05]} 19. Rac1 {[%emt 0:00:05]} e4 {[%emt 0:00:10]} 20. fxe4 {[%emt 0:00:06]} Ne7 {[%emt 0:00:01]} 21. Rc2 {[%emt 0:00:03]} Qb6 {[%emt 0:00:01]} 22. Rfc1 {[%emt 0:00:06]} a5 {[%emt 0:00:02]} 23. Bb2 {[%emt 0:00:04]} Bh6 {[%emt 0:00:01]} 24. Bd4 {[%emt 0:00:02]} Qa6 {[%emt 0:00:03]} 25. Rc7 {[%emt 0:00:05]} Rb7 {[%emt 0:00:14]} 26. Qf2 {[%emt 0:00:07]} Rxc7 {[%emt 0:00:11]} 27. Rxc7 {[%emt 0:00:02]} f5 {[%emt 0:00:20]} 28. Rxe7 {[%emt 0:00:04]} Qc8 {[%emt 0:00:05]} 29. e5 {[%emt 0:00:11]} dxe5 {[%emt 0:00:08]} 30. Bxe5 {[%emt 0:00:10]} Qc1+ {[%emt 0:00:02]} 31. Qf1 {[%emt 0:00:12]} Qxe3+ {[%emt 0:00:06]} 32. Kh1 {[%emt 0:00:02]} Qg5 {[%emt 0:00:04]} 33. d6 {[%emt 0:00:02]} f4 {[%emt 0:00:04]} 34. gxf4 {[%emt 0:00:04]} Qh4 {[%emt 0:00:03]} 35. Bd5+ {[%emt 0:00:03]} Rf7 {[%emt 0:00:03]} 36. Rxf7 {[%emt 0:00:04]} Bxf4 {[%emt 0:00:06]} 37. Rxf4# {[%emt 0:00:01] (Lag: Av=0.52s, max=1.2s) (Lag: Av=0.52s, max=1.2s) (Lag: Av=0.52s, max=1.2s) (Lag: Av=0.52s, max=1.2s) (Lag: Av=0.52s, max=1.2s)} 1-0